00384 2200157 4500001002100000005001500021035002000036245003900056100001800095250000600113300001600119260004500135082001100180084001700191020001800208INLIS00000000000002220260406013607 a0010-04260000221 aDongeng Antariksa /cLeguty Family0 aLeguty Family a1 a148 :bIlus aTangerang Selatan :bLeguty Media,c2021 a898.23 a898.23 LEG d a9786236214077